Top 15 des pays avec le plus d'athées - Statistiques

Statistiques générales
  • Ce quiz a été pris 121 fois
  • Le résultat moyen est 11 sur 15
Statistiques - réponses
% de non-croyants / athées Pays % Correct
~50–55% France
97%
~65–70% Suède
81%
~45% Finlande
78%
~60% Norvège
78%
~45–50% Allemagne
77%
~40% Belgique
77%
~80–90% Chine
77%
~50–55% Pays-Bas
76%
~60% Japon
71%
~40% Suisse
69%
~55–60% Danemark
67%
~40% Corée du Sud
60%
~50% Royaume-Uni
51%
~60–65% Estonie
47%
~75% République tchèque
44%
Aucun quiz correspondant
Distribution des résultats
% des personnes avec chaque résultat
Percentile par nombre de réponses
Votre historique - résultats
Vous n’avez pas pris ce quiz